Autoroute A4 - Statistiques

Statistiques générales
  • Ce quiz a été pris 48 fois
  • Le résultat moyen est 41 sur 170
Statistiques - réponses
% Correct
Frontière départementale | Sortie Paris
74%
Pont Pont sur la Marne
74%
Pont Viaduc de la Marne
74%
Frontière départementale Val-de-Marne
70%
Frontière départementale Aisne
65%
Frontière départementale Meurthe-et-Moselle
65%
Frontière départementale Meuse
65%
Frontière départementale Moselle
65%
Pont Pont sur la Moselle
65%
Frontière départementale Seine-et-Marne
65%
Sortie 29 Verdun
65%
Pont Viaduc de l'Aisne
65%
Pont Viaduc de la Meuse
65%
Frontière départementale Bas-Rhin
61%
Sortie 20 Château-Thierry
61%
Frontière départementale Marne
61%
Sortie 51 Strasbourg
61%
Échangeur A26-nord
48%
Échangeur A26-sud
48%
Échangeur A31
48%
Échangeur A35
48%
Frontière régionale Grand Est
43%
Frontière régionale Hauts-de-France
43%
Frontière régionale Île-de-France
43%
Échangeur A34
39%
Échangeur A86-nord
39%
Échangeur A86-sud
39%
Sortie 36 Boulay
39%
Sortie 44 Saverne
39%
Échangeur A104
35%
Sortie 9 Noisy-le-Grand
35%
Sortie 27 Clermont-en-Argonne
30%
Sortie 5 Nogent-sur-Marne
30%
Échangeur Périphérique
30%
Gare de péage Saint Avold
30%
Sortie 37 Saint-Avold
30%
Sortie 26 Sainte-Menehould
30%
Tunnel Tranchée couverte de Champigny
30%
Aire de service Brumath
26%
Sortie 47 Vendenheim
26%
Sortie 46 Z.I. Brumath
26%
Sortie 3 Maisons-Alfort
22%
Échangeur N104
22%
Sortie 13 Serris
22%
Sortie 22 Tinqueux
22%
Sortie 14 Bailly-Romainvilliers
17%
Sortie 50 Bischheim
17%
Aire de service Bussy-Saint-Georges
17%
Sortie 38 Freyming
17%
Sortie 1 Ivry-sur-Seine
17%
Échangeur A140
13%
Sortie 2 Charenton
13%
Sortie 45 Hochfelden
13%
Sortie 4 Joinville
13%
Aire de service Metz - Saint-Privat
13%
Sortie 43 Phalsbourg
13%
Sortie 42 Sarre-Union
13%
Échangeur A314
9%
Échangeur A315
9%
Échangeur A320
9%
Échangeur A340
9%
Échangeur A344
9%
Sortie D471 Collégien
9%
Sortie 21 Dormans
9%
Aire de service Ferrières
9%
Sortie 30 Fresnes-en-Woëvre
9%
Sortie 31 Jarny
9%
Sortie 24 La Veuve
9%
Aire de repos Le Bois de la Ronce
9%
Gare de péage | Sortie 19 Montreuil-aux-Lions
9%
Sortie 34 Semécourt
9%
Sortie 12.1 Val d'Europe
9%
Aire de service Verdun - Saint-Nicolas
9%
Sortie 35 Argancy
4%
Aire de repos Brouck
4%
Sortie 6 Bry-sur-Marne
4%
Aire de service Changis-sur-Marne
4%
Aire de repos Charly-Oradour
4%
Gare de péage | Sortie 15 Coutevroult
4%
Sortie 16 Crécy-la-Chapelle
4%
Sortie 39 Farébersviller
4%
Aire de repos La Fontaine d'Olive
4%
Aire de repos Landonvillers
4%
Aire de repos Lhéry
4%
Aire de service Longeville
4%
Gare de péage Loupershouse
4%
Sortie 33 Marange-Silvange
4%
Aire de repos Narbéfontaine
4%
Sortie 40 Puttelange
4%
Sortie 12 Val de Bussy
4%
Sortie 10.1 Val Maubuée-sud
4%
Sortie 28 Voie Sacrée
4%
Sortie 32/32a/32b Batilly - Sainte-Marie
0%
Gare de péage Beaumont
0%
Aire de repos Berg
0%
Sortie 23 Champfleury
0%
Sortie 10 Cité Descartes
0%
Échangeur D499 (77)
0%
Aire de repos Danne
0%
Aire de repos Eywiller
0%
Aire de repos Gottesheim
0%
Aire de service Gueux
0%
Sortie 41 Hambach
0%
Sortie 49 Hoenheim
0%
Aire de repos Jubécourt
0%
Aire de repos Katzenkopf
0%
Aire de service Keskatel
0%
Aire de repos La Crouée
0%
Aire de repos La Fontenelle
0%
Aire de repos La Noblette
0%
Aire de repos La Rouge Haie
0%
Aire de repos La Talmouse
0%
Aire de repos La Vesle
0%
Aire de repos Le Bois de Labry
0%
Aire de repos Le Bois Saint-Martin
0%
Aire de repos Le Mont de Charme
0%
Aire de repos L'Épinotte
0%
Aire de repos Les Genièvres
0%
Aire de repos L'Espérance
0%
Aire de service Le Tardenois
0%
Aire de repos Lienbach
0%
Aire de service Longeville-lès-Saint-Avold
0%
Pont Pont sur le canal des Mines de la Moselle
0%
Sortie 8 Porte de Paris
0%
Aire de repos Prévilliers
0%
Aire de repos Quatre Vents
0%
Aire de repos Rarécourt
0%
Sortie 48 Reichstett
0%
Aire de service Reims - Champagne
0%
Aire de repos Romigny
0%
Sortie 25 Saint-Étienne-au-Temple
0%
Sortie 18 Saint-Jean-les-Deux-Jumeaux
0%
Aire de service Saverne - Eckartswiller
0%
Aire de service Saverne - Monswiller
0%
Aire de repos Schalbach
0%
Gare de péage Schwindratzheim
0%
Tunnel Tranchée couverte André Dreyer
0%
Aire de service Ussy-sur-Marne
0%
Aire de service Valmy - le Moulin
0%
Aire de service Valmy - Orbéval
0%
Aire de repos Vaucourtois
0%
Aire de service Vrigny
0%
Aucun quiz correspondant
Distribution des résultats
% des personnes avec chaque résultat
Percentile par nombre de réponses
Votre historique - résultats
Vous n’avez pas pris ce quiz